PR-SOF-2161-Sit to Stand Motion Assist System For Senior Citizens (Record no. 591934)
[ view plain ]
| 000 -LEADER | |
|---|---|
| fixed length control field | 00483nam a22001337a 4500 |
| 040 ## - CATALOGING SOURCE | |
| Transcribing agency | NUST |
| 082 ## - DEWEY DECIMAL CLASSIFICATION NUMBER | |
| Classification number | 220 PRO |
| 100 ## - MAIN ENTRY--PERSONAL NAME | |
| Personal name | Abdullah Nawaz Anas Maqsood Bazif Saleem Ghulam Jillani |
| 9 (RLIN) | 100784 |
| 110 ## - MAIN ENTRY--CORPORATE NAME | |
| Location of meeting | Project Supervisor: Dr. Hasan Aftab Saeed Co-Supervisor Asst. Prof Yasser Riaz |
| 9 (RLIN) | 100785 |
| 245 ## - TITLE STATEMENT | |
| Title | PR-SOF-2161-Sit to Stand Motion Assist System For Senior Citizens |
| 260 ## - PUBLICATION, DISTRIBUTION, ETC. | |
| Place of publication, distribution, etc. | ISLAMABAD: |
| Name of publisher, distributor, etc. | NUST COLLEGE OF EME, |
| Date of publication, distribution, etc. | 2022. |
| 650 ## - SUBJECT ADDED ENTRY--TOPICAL TERM | |
| Topical term or geographic name entry element | DE-MECH-40 |
| 9 (RLIN) | 100340 |
| 942 ## - ADDED ENTRY ELEMENTS (KOHA) | |
| Source of classification or shelving scheme | |
| Koha item type | Project Report |
| Withdrawn status | Lost status | Source of classification or shelving scheme | Damaged status | Not for loan | Permanent Location | Current Location | Shelving location | Date acquired | Full call number | Barcode | Date last seen | Price effective from | Koha item type |
|---|---|---|---|---|---|---|---|---|---|---|---|---|---|
| College of Electrical & Mechanical Engineering (CEME) | College of Electrical & Mechanical Engineering (CEME) | Reference | 10/19/2022 | 220 PRO | PR-SOF-2161 | 10/19/2022 | 10/19/2022 | Project Report |
